00651nam a2200217Ia 4500003000400000005001700004008004100021020001800062040001800080041000800098082002100106100002000127245010200147250001200249260005800261300002900319650002200348651002900370651001800399651001600417OSt20231011145807.0210716s2012 xx 000 0 und d a9780007301676 cAIMIT LIBRARY aeng a374.22 21bCANJ aCanfield, Jack. aSuccess principles : bhow to get from where you are to where you want to be /cBy Jack Canfield. a1st ed. aNew Delhi :bHarper Collins Publishers India ,c2012. axxiii,473p. ;bPBc23 cm aGeneral Knowledge aBe clear why you're here aChunk it down aTake action